000 00458nam a2200193Ia 4500
005 20250326141415.0
008 250326s9999 xx 000 0 und d
037 _aTextbook
040 _aFMSL
_beng
_cFMSL
041 _aeng
_2eng
084 _qFMSL
100 _aNPC
245 0 _aInsentives in Indian Industries
_cNPC
260 _aMadras
_bMadras, NPC
_c1972
300 _av..
490 _vPart II
942 _cTB
999 _c1290161
_d1290161